| 000 | 00798cam a2200241 i 4500 | ||
|---|---|---|---|
| 001 | 000005764 | ||
| 005 | 20200929151756.0 | ||
| 008 | 780530s1972 uy b 000 0bspa | ||
| 040 |
_aDO-SdBNP _cDLC _dDLC |
||
| 043 | _as-uy--- | ||
| 082 |
_aU865.6 _bS678s |
||
| 100 | 1 |
_aSoca, Francisco. _916323 |
|
| 245 | 1 | 0 |
_aSelección de discursos / _cFrancisco Soca ; prólogo de Héctor H. Muinos. |
| 260 |
_aMontevideo : _bMinisterio de Educación y Cultura, _c1972. |
||
| 300 |
_a3 v. ; _c18 cm. |
||
| 490 | 1 | _aBiblioteca Artigas | |
| 490 | 1 |
_aclásicos uruguayos _v142-144 |
|
| 650 | 4 |
_aDiscursos _96584 |
|
| 650 | 4 |
_aLiteratura uruguayas _916324 |
|
| 700 | 1 |
_aMuinos, Héctor H. _916325 |
|
| 830 | 0 |
_aBiblioteca Artigas. _pclásicos uruguayo ; _v142-144 _916326 |
|
| 910 | _aCatalogación por copia / LC | ||
| 999 |
_c5560 _d5560 |
||